000 00389nam a22001571a 4500
020 _a9788126433261
082 _aM3
_bJOH/M
100 _aJohn Elamatha
245 _aMaranamillathavarude thazhvara/
_cby John Elamatha
260 _aKottayam:
_bD C Books,
_c2011.
300 _a95p.
650 _aNovel Malayalam
650 _aLiterature Malayalam
650 _aLiterature
942 _cBK
999 _c27828
_d27828